Najgłośniejsze wydarzenie w od 1990 do 2024 - Statystyki

Ogólne statystyki
  • Ten quiz został rozwiązany 7 razy
  • Średni wynik to 2 z 35
Statystyki odpowiedzi
Hint Odpowiedź % Poprawnych
2022 Wojna na Ukrainie
80%
2001 Ataki z 11 września 2001 (9/11)
20%
2008 Konflikt w Gruzji
20%
1998 Konflikt w Kosowie
20%
1991 Rozpad ZSRR
20%
1990 Zjednoczenie Niemiec
20%
2016 Atak na zamachy terrorystyczne – Bruksela, Nicea, Ankara, i inne
0%
2015 Ebola – Epidemia w Afryce Zachodniej
0%
1999 Interwencja NATO w Kosowie
0%
2003 Inwazja na Irak
0%
2011 Katastrofa w Japonii – Trzęsienie ziemi i tsunami
0%
2014 Konflikt na Ukrainie – Zajęcie Krymu przez Rosję
0%
2000 Konflikt w Czeczenii
0%
1994 Ludobójstwo w Rwandzie
0%
2007 Ostatni dzień życia Nelsona Mandel
0%
2020 Pandemia Covid-19
0%
2019 Pożar katedry Notre-Dame w Paryżu
0%
2017 Prezydentura Donalda Trumpa
0%
2002 Puchar Świata w Piłce Nożnej 2002
0%
1993 Rozpad Czechosłowacji
0%
2005 Śmierć Jana Pawła II
0%
1997 Śmierć księżnej Diany
0%
2009 Śmierć Michaela Jacksona
0%
2018 Spotkanie Donalda Trumpa z Kim Jong-unem
0%
2004 Tsunami na Oceanie Indyjskim
0%
2024 Upadek reżimu Baszara al-Asada w Syrii
0%
2023 Wejście Finlandii do NATO
0%
2006 Wojna w Iraku
0%
1992 Wojna w Jugosławii
0%
2010 Wybuch epidemii cholery w Haiti
0%
2013 Wyjątkowe wybory papieskie – Papież Franciszek
0%
2021 Zakończenie wojny w Afganistanie
0%
1995 Zakończenie wojny w Bośni – Porozumienia z Dayton
0%
1996 Zawarcie porozumienia w sprawie rozwiązania konfliktu w Bośni – Porozumienia z Paryża
0%
2012 Zjawisko "2012" – Przewidywania końca świata
0%
Nie znaleziono quizów pasujących do podanych kryteriów
Rozkład punktacji
Procent ludzi z każdym wynikiem
Percentyl według liczby udzielonych odpowiedzi
Twoja historia wyników
Nie rozwiązałeś tego quizu